000 00672nam a2200289Ia 4500
005 20260324121513.0
008 008 260324s9999 xx 000 0 eng d
020 _a9781315750682
037 _aEBOOK
040 _aCRL
040 _beng
040 _cCRL
041 _2eng
041 _aeng
084 _qCRL
100 _aJeremy Tambling
245 0 _aDickens' Novels as Poetry
245 0 _bAllegory and Literature of the City
260 _bTaylor and Francis
260 _c2014
365 _a
365 _b240
856 _uhttp://www.taylorfrancis.com/books/9781315750682
942 _cEBOOK
999 _c1754919
_d1754919